Statistics for What Words can You Make: Arizona

Click here to take the quiz!

General Stats

  • This quiz has been taken 11 times
  • The average score is 13 of 35

Answer Stats

HintAnswer% Correct
3Rai
91%
3Rin
91%
4Rain
82%
3Ran
82%
3Zin
73%
3Air
64%
3Ion
64%
3Nor
64%
3Ora
64%
3Ain
55%
3Ana
55%
4Aria
55%
4Roan
55%
3Oar
45%
4Zona
45%
3Ani
36%
3Azo
36%
3Ria
36%
3Zoa
36%
4Iron
27%
4Noir
27%
4Anoa
18%
4Azon
18%
4Inro
18%
4Nori
18%
4Airn
9%
4Azan
9%
4Izar
9%
5Naira
9%
4Naoi
9%
5Noria
9%
4Raia
9%
4Rani
9%
6Zoaria
9%
4Zori
9%

Score Distribution

Percentile by Number Answered

Percent of People with Each Score

Your Score History

You have not taken this quiz